01086nam a22002775a 450000500170000000800410001702000180005804000400007608200200011610000240013624501080016026000360026830000340030450000240033850000260036250400400038859000390042865000490046765000590051665100100057565300240058570000170060994200080062699900170063495201570065120161117150726.0161030s2008 enka frb 001 0 eng d a9780273718383 aEG-ScBUE bengcEG-ScBUE dEG-ScBUE04a658.11bSTE2221 aSteinhouse, Robbie.10aThink like an entrepreneur : byour psychological toolkit for success /cRobbie Steinhouse, Chris West. aHarlow :bPrentice Hall,c2008. axiv, 188 p. :bill. ;c24 cm. aIndex : p. 181-188. aAppendix: p. 163-174. aIncludes bibliographical references aSuzan Ashmawy ; revised by Fouad.  7aNew business enterprisesxManagement.2BUEsh 7aEntrepreneurshipxPsychological aspects.2BUEsh919484 2BUEsh bBUSECOcOctober20161 aWest, Chris. 2ddc c22911d22883 00102ddc40708BaccahaMAINbMAINc1STd2016-10-30ePurchaseg247.00h25140l3m24o658.11 STEp000045129r2025-07-15 00:00:00s2025-02-26v308.75yBB